Les 28 plus grands Stade en France - Statistiques

Statistiques générales
  • Ce quiz a été pris 94 fois
  • Le résultat moyen est 12 sur 27
Statistiques - réponses
Ville Stade % Correct
Marseille Stade Vélodrome
96%
Paris Parc des Princes
94%
Paris Stade de France
94%
Lyon Groupama Stadium
81%
Saint-Etienne Stade Geoffroy-Guichard
67%
Lille Stade Pierre Mauroy
65%
Nantes Stade de la Beaujoire
55%
Nice Allianz Riviera
52%
Lyon Stade de Gerland
52%
Rennes Roazhon Park
50%
Strasbourg Stade de la Meinau
45%
Le Havre Stade Océane
43%
Metz Stade Saint Symphorien
43%
Montpellier Stade de la Mosson
37%
Bordeaux Stade Chaban-Delmas
36%
Lens Stade Bollaert-Delelis
35%
Grenoble Stade des Alpes
29%
Nancy Stade Marcel-Picot
29%
Reims Stade Auguste-Delaune
27%
Troyes Stade de l'Aube
27%
Toulouse Stadium de Toulouse
27%
Montbéliard ❤️ Stade Auguste-Bonal
24%
Caen Stade Michel-d'Ornano
20%
Valenciennes Stade du Hainaut
14%
Paris Paris La Défense Arena
13%
Bordeaux Stade Bordeaux Atlantique
13%
Sedan Stade Louis-Dugauguez
6%
Aucun quiz correspondant
Distribution des résultats
% des personnes avec chaque résultat
Percentile par nombre de réponses
Votre historique - résultats
Vous n’avez pas pris ce quiz